[Event "ROM-ch U10"]
[Site "Calimanesti"]
[Date "2014.04.10"]
[Round "6"]
[White "Antal, Hunor Zoltan"]
[Black "Bardas, Andrei"]
[Result "0-1"]
[WhiteElo "1249"]
[BlackElo "1339"]
[PlyCount "56"]
[EventDate "2014.04.06"]
[EventType "swiss"]
[EventRounds "9"]
[EventCountry "ROU"]
[SourceTitle "CBM 160 Extra"]
[Source "ChessBase"]
[SourceDate "2014.07.01"]
[SourceVersion "1"]
[SourceVersionDate "2014.07.01"]
[SourceQuality "1"]

1. e4 c5 2. Nf3 g6 3. d4 cxd4 4. Nxd4 Bg7 5. Nc3 Nc6 6. Be3 Nf6 7. Nxc6 bxc6 8. e5 Ng8 9. f4 d6 10. exd6 exd6 11. Bd4 Qh4+ 12. g3 Qe7+ 13. Be2 Nf6 14. Qd2 0-0 15. 0-0-0 Rd8 16. Rde1 Qb7 17. Bc4 d5 18. Bb3 Bf5 19. Na4 Ne4 20. Qe3 Re8 21. Bxg7 Kxg7 22. Qd4+ f6 23. Nc5 Nxc5 24. Qxc5 Be4 25. Rhf1 Qb6 26. Qxb6 axb6 27. c4 d4 28. a3 Rad8 0-1

[Event "ROM-ch U10"]
[Site "Calimanesti"]
[Date "2014.04.09"]
[Round "5"]
[White "Bardas, Andrei"]
[Black "Metehau, Luca Mihnea"]
[Result "0-1"]
[WhiteElo "1339"]
[BlackElo "1629"]
[PlyCount "78"]
[EventDate "2014.04.06"]
[EventType "swiss"]
[EventRounds "9"]
[EventCountry "ROU"]
[SourceTitle "CBM 160 Extra"]
[Source "ChessBase"]
[SourceDate "2014.07.01"]
[SourceVersion "1"]
[SourceVersionDate "2014.07.01"]
[SourceQuality "1"]

1. d4 d5 2. e3 e6 3. Bd3 Nf6 4. Nd2 c5 5. c3 Nc6 6. Ngf3 Bd6 7. 0-0 0-0 8. c4 Qc7 9. a3 e5 10. cxd5 Nxd5 11. Nb3 exd4 12. exd4 cxd4 13. Nbxd4 Nxd4 14. Nxd4 Bxh2+ 15. Kh1 Be5 16. Nf3 Nf6 17. Re1 Bf4 18. Bc2 Be6 19. g3 Bxc1 20. Rxc1 Qb6 21. Qd3 Rfd8 22. Qe2 Bd5 23. Kg1 Re8 24. Qd2 Bxf3 25. Qf4 Rxe1+ 26. Rxe1 Qc6 27. Rc1 Qd5 28. Re1 Bh1 29. f3 Qxf3 30. Qxf3 Bxf3 31. Kf2 Bc6 32. b4 Rd8 33. Re2 Bb5 34. Re1 Rd2+ 35. Ke3 Rxc2 36. Kd4 Re2 37. Rd1 g6 38. Kc5 Ne4+ 39. Kxb5 Nc3+ 0-1

[Event "ROM-ch U10"]
[Site "Calimanesti"]
[Date "2014.04.06"]
[Round "1"]
[White "Bardas, Andrei"]
[Black "Cirlea, Nicolae"]
[Result "1-0"]
[WhiteElo "1339"]
[BlackElo "1001"]
[PlyCount "37"]
[EventDate "2014.04.06"]
[EventType "swiss"]
[EventRounds "9"]
[EventCountry "ROU"]
[SourceTitle "CBM 160 Extra"]
[Source "ChessBase"]
[SourceDate "2014.07.01"]
[SourceVersion "1"]
[SourceVersionDate "2014.07.01"]
[SourceQuality "1"]

1. d4 d5 2. e3 e6 3. Bd3 Nc6 4. f4 Nf6 5. Nd2 Bb4 6. c3 Ba5 7. b4 Bb6 8. a4 a5 9. b5 Ne7 10. Ba3 h5 11. h3 Ne4 12. Nxe4 dxe4 13. Bxe4 0-0 14. Qxh5 g6 15. Qg5 c6 16. Bxe7 Qe8 17. Bf6 c5 18. Qh6 e5 19. Qg7# 1-0